000 00882aam a2200313 i 4500
001 768714001
003 CO-MdFUSB
005 20250516091147.0
007 ta
008 250515t1978 sp ||||| |||| 00| 0 spa d
020 _a84-7228-392-5
040 _cCO-MdFUSB
041 0 _aspa
082 0 4 _223
_a248.2
_bD427c
100 1 _aDeratany, Edward
_eautor
240 _aWhen God calls you
245 1 0 _aCuando Dios llama
_c/ Edward Deratany ; traducido por Arnoldo Canclini
264 1 _bClie,
_aTerrassa, Barcelona, España :
_c[1978]
264 4 _c©1978
300 _a227 páginas
336 _atexto
_btxt
_2rdacontent
337 _2rdamedia
_asin mediación
_bn
338 _2rdacarrier
_avolumen
_bnc
563 _aRústico
653 _aVocación religiosa
700 _aCanclini, Arnoldo,
_96055
_etraductor
942 _cBK
945 _aElías Tolentino
999 _c35633
_d35633